Statistics for At- Vocabulary Words

Click here to take the quiz!

General Stats

  • This quiz has been taken 440 times
  • The average score is 12 of 20

Answer Stats

HintAnswer% Correct
Be present atAttend
93%
Disbeliever in a supreme beingAtheist
89%
Ernest Rutherford first split one in 1917Atom
87%
What invaders doAttack
83%
On top ofAtop
82%
Iapetus's son, condemned to support the Earth on his shouldersAtlas
80%
A positive or negative one will affect your outlook on lifeAttitude
79%
Flat coral islandAtoll
74%
To draw towards oneselfAttract
74%
Military commandAttention!
58%
Carefully observantAttentive
57%
A characteristic of a person or groupAttribute
55%
Chewed, then swallowedAte
52%
At smart hotels, he will park your car for youAttendant
51%
Reparation for a wrong; also a 2007 Oscar-winning movieAtonement
49%
Olympic eventAthletics
42%
What two telepathically connected people areAttuned
38%
Reduction or decrease, bit by bitAttrition
34%
Something shockingly cruel and inhumaneAtrocity
31%
Irregular or abnormalAtypical
28%

Score Distribution

Percentile by Number Answered

Percent of People with Each Score

Your Score History

You have not taken this quiz